000 00629nam a22001937a 4500
003 0
005 20250828093951.0
008 250828b xxu||||| |||| 00| 0 eng d
020 _a978-0-367-22999-3
050 _aPN 2096.A1
_b.A76 2024
100 _aAronson, Arnold,
_eauthor.
245 _aFifty key theatre designers /
_cArnold Aronson.
260 _aNew York, NY :
_bRoutledge,
_c2024.
300 _axvi, 329 pages :
_billustrations ;
_c22 cm.
504 _aIncludes bibliographical references and index.
650 _aSet designers
_xBiography.
650 _aTheaters
_xStage-setting and scenery
_xHistory.
942 _2lcc
_cBK
999 _c367655
_d367655